Responses for show #7759 - Thursday, May 10, 2018

2018 Teachers Tournament quarterfinal game 4.

Contestants

[<< previous game]

Katherine Saxby, a high school English and French teacher from Alameda, California

Indi Ekanayake, an 8th grade science teacher from Seattle, Washington

Beth Binder, a 6th grade teacher from Fort Collins, Colorado

[next game >>]

Jeopardy! Round responses

HOBBIES & PASTIMES
GREAT AMERICAN NOVELS
SHALL WE "DANCE"?
TITLES MADE METRIC
ALL EYES
ON YOU
    $200 9
juggling

Katherine
    $200 8
Little Women

Indi
    $200 1
attendance

Katherine
    $200 6
Fahrenheit 451

Indi
    $200 24
evil spirits

Katherine
    $200 21
a wart

Triple Stumper
    $400 11
Monopoly

Beth
    $400 10
Red Badge of Courage

Indi
    $400 2
riddance

Katherine
    $400 7
Six Feet Under

Beth
    $400 25
a fisheye

Indi
    $400 22
(Indi: What is tongue?)

nose

Indi
Triple Stumper
    $600 12
role-playing game

Indi
    $600 15
(Indi: What is... oh, sorry.)

One Flew Over the Cuckoo's Nest

IndiKatherine
    $600 3
a guidance counselor

Beth
    $600 18
inch

Beth
    $600 26
soul

Katherine
    $600 23
knuckled

Katherine
    $800 13
exploring caves

Indi
    $1,000 16
An American Tragedy

Katherine
    $800 4
an abundance

Beth
    $800 19
8 Mile

Beth
    $800 27
asbestos

Triple Stumper
    $800 29
the epidermis

Indi
    $1000 14
python

Beth
    $1000 17
(Katherine: What are The Martian Chronicles?)

Stranger in a Strange Land

Katherine
Triple Stumper
    $1000 5
accordance

Katherine
    $1000 20
Sixteen Tons

Beth
    $1000 28
cirrus clouds

Triple Stumper
    $1000 30
pores

Indi

Scores at the first commercial break (after clue 15):

Beth Indi Katherine
$3,200 $1,600 $2,400

Scores at the end of the Jeopardy! Round:

Beth Indi Katherine
$5,600 $3,400 $3,800

Double Jeopardy! Round responses

AN APPELLATION FOR THE TEACHER
TV: WHO PLAYED 'EM?
ASIAN GEOGRAPHY
RHETORICAL DEVICES
QUOTES ABOUT MUSIC
FAST COMPANY
    $400 22
Stonewall Jackson

Triple Stumper
    $400 21
Sarah Jessica Parker

Indi
    $400 6
Sri Lanka

Indi
    $400 16
like or as

Katherine
    $400 11
jazz

Katherine
    $400 1
ice

Indi
    $800 23
(Katherine: What is ghost hunter?)
(Beth: What is ghost?)

ghostbuster

BethKatherine
Triple Stumper
    $800 27
(Beth: Who is Elizabeth Olsen?)

Elisabeth Moss

BethKatherine
    $800 7
oil field

Triple Stumper
    $800 17
conjunctions

Indi
    $800 12
(Richard) Rodgers

Katherine
    $800 2
the speed of sound

Indi
    $2,000 24
(Indi: Who is Augustus?)

Charlemagne

Indi
    $1200 28
David Hasselhoff

Katherine
    $1200 8
Indonesia

Indi
    $1200 18
"Ebony And Ivory"

Indi
    $1200 13
Twelfth Night

Beth
    $1200 3
(Indi: What is skiing?)
(Katherine: What is rock climbing?)

mountain climbing

IndiKatherine
Triple Stumper
    $1600 25
power

Indi
    $1600 29
Christian Slater

Triple Stumper
    $1600 9
the Golden Triangle

Triple Stumper
    $1600 19
true

Beth
    $1600 14
language

Katherine
    $1600 4
sailing around the world

Triple Stumper
    $2000 26
William McGuffey

Triple Stumper
    $2000 30
Connie Britton

Katherine
    $2,500 10
(Alex: Indi?)
(Indi: What is...)

Anatolia

Indi
    $2000 20
(Katherine: What is an antithesis?)

juxtaposition

Katherine
Triple Stumper
    $2000 15
(Indi: What is the harp?)

the cello

Indi
Triple Stumper
    $2000 5
Eddie Rickenbacker

Triple Stumper

Scores at the end of the Double Jeopardy! Round:

Beth Indi Katherine
$6,800 $2,500 $7,000

Final Jeopardy! Round responses

WOMEN WRITERS
IndiWho is
$2,000
BethWho was Fannie Flagg?
$4,000
KatherineWho is Nora Ephron
$6,601
Nora Ephron

Final scores:

Beth Indi Katherine
$2,800 $500 $13,601
2nd place: $5,000 if eliminated 3rd place: $5,000 if eliminated Automatic semifinalist

Game dynamics:

Coryat scores:

Beth Indi Katherine
$6,800 $7,000 $6,800
10 R,
2 W
16 R,
6 W
(including 2 DDs)
16 R
(including 1 DD),
4 W

Combined Coryat: $20,600

The J! Archive is created by fans, for fans. The Jeopardy! game show and all elements thereof, including but not limited to copyright and trademark thereto, are the property of Jeopardy Productions, Inc. and are protected under law. This website is not affiliated with, sponsored by, or operated by Jeopardy Productions, Inc. Join the discussion at JBoard.tv.